South Asian journal 12 : (Record no. 4781)
[ view plain ]
| 000 -LEADER | |
|---|---|
| fixed length control field | 00384nam a2200121 4500 |
| 008 - FIXED-LENGTH DATA ELEMENTS--GENERAL INFORMATION | |
| fixed length control field | 240220b |||||||| |||| 00| 0 eng d |
| 022 ## - INTERNATIONAL STANDARD SERIAL NUMBER | |
| ISSN | 17296242 |
| 942 ## - ADDED ENTRY ELEMENTS (KOHA) | |
| Item Type | Periodicals |
| 245 ## - TITLE STATEMENT | |
| Title | South Asian journal 12 : |
| Remainder of Title | Quarterly Magazine of South Asian Journalists & scholars : April - June 2006 |
| 246 ## - VARYING FORM OF TITLE | |
| Title | WTO and South Asia |
| 260 ## - PUBLICATION, DISTRIBUTION, ETC. (IMPRINT) | |
| Place of Publication | Lahore : |
| Name of Publisher | Free Media foundation, |
| Date of Copyright | 2006 |
| 300 ## - PHYSICAL DESCRIPTION | |
| Physical Details | 146 p. |
| Withdrawn status | Lost status | Source of classification or shelving scheme | Damaged status | Not for loan | Permanent location | Current location | Date acquired | Total Checkouts | Full call number | Barcode | Date last seen | Price effective from | Koha item type |
|---|---|---|---|---|---|---|---|---|---|---|---|---|---|
| Dewey Decimal Classification | Resource center, Muslim Women's Research And Action Forum | Resource center, Muslim Women's Research And Action Forum | 2024-02-20 | 954.93 SOU | RAF5064 | 2024-02-20 | 2024-02-20 | Periodicals |

